| 000 | 00695pam a2200229 a 4500 | ||
|---|---|---|---|
| 001 | 2995098 | ||
| 005 | 20260313114502.0 | ||
| 008 | 930430s1993 nyua b 001 0 eng | ||
| 020 |
_a081602992X (acidfree paper) : _c$29.95 |
||
| 020 | _a9780816029921 | ||
| 050 | 0 | 0 |
_aHQ518 _b.B72 1993 |
| 082 | 0 | 0 |
_a306.85 _220 |
| 100 | 1 | _aBoyden, Jo. | |
| 245 | 1 | 0 |
_aFamilies : _bcelebration and hope in a world of change / _cJo Boyden. |
| 260 |
_aNew York : _bFacts on File, _c1993. |
||
| 300 |
_a175 p. : _bill. (some col.) ; _c30 cm. |
||
| 500 | _a"Published in co-operation with UNESCO." | ||
| 500 | _a"A Gaia original"--T.p. verso. | ||
| 650 | 0 | _aFamilies. | |
| 710 | 2 | _aUnesco. | |
| 942 |
_2lcc _cBK _n0 |
||
| 999 |
_c3064 _d3064 |
||